|
|
|
|
| LEADER |
00000nam a2200000 a 4500 |
| 001 |
vtls008878568 |
| 003 |
SK-MaSNL |
| 005 |
20260429113537.0 |
| 008 |
240314s2006 xo dl g 000 0 slo |
| 015 |
|
|
|a SNBA2007/02-00380
|
| 020 |
|
|
|a 8096936735
|q (brož.)
|z 896936735
|
| 035 |
|
|
|a CB27AEAD-63BC-4C8A-B712-FE86906FD690
|
| 035 |
|
|
|a urn:nbn:sk:snk-amk777
|
| 035 |
|
|
|a urn:nbn:sk:snk-am008jbv
|
| 040 |
|
|
|a SNK
|b slo
|c SNK
|e AACR2
|
| 041 |
0 |
|
|a slo
|
| 043 |
|
|
|a e-xo---
|
| 044 |
|
|
|a xo
|c SK
|
| 072 |
|
7 |
|a 338.3/.4
|x Hospodárske a výrobné odvetvia
|2 konspekt
|
| 080 |
|
|
|a 338.45.02
|2 2001
|
| 080 |
|
|
|a 658.114
|2 2001
|
| 080 |
|
|
|a 338.246
|2 2001
|
| 080 |
|
|
|a 339.926
|2 2001
|
| 080 |
|
|
|a (437.6)
|2 2001
|
| 080 |
|
|
|a (048.8)
|2 2001
|
| 100 |
1 |
|
|a Mušáková, Miriama
|4 aut
|9 402149
|
| 245 |
1 |
0 |
|a Európske fondy na Slovensku 2004-2006
|n I. časť
|p SOP Priemysel a služby
|c Miriama Mušáková, Peter Filo
|
| 246 |
3 |
0 |
|a SOP Priemysel a služby
|
| 250 |
|
|
|a [1. vyd.]
|
| 260 |
|
|
|a Bratislava
|b Era
|c 2006
|
| 300 |
|
|
|a 35 s.
|b grafy, tab.
|c 21 cm
|
| 500 |
|
|
|a Názov z obalu
|
| 504 |
|
|
|a Zoz. skrat.
|
| 610 |
2 |
7 |
|a Operačný program Priemysel a služby
|2 SNKKA
|9 93589
|
| 648 |
|
7 |
|a 2004-2006
|2 SNKPH
|9 355219
|
| 650 |
0 |
7 |
|a priemyselná politika
|2 SNKPH
|9 28614
|
| 650 |
0 |
7 |
|a podnikanie
|2 SNKPH
|9 1757
|
| 650 |
0 |
7 |
|a podpora podnikania
|2 SNKPH
|9 4191
|
| 650 |
0 |
7 |
|a štrukturálne fondy
|2 SNKPH
|9 4193
|
| 651 |
|
7 |
|a Slovensko
|2 SNKPH
|9 14231
|
| 655 |
|
7 |
|a prehľady
|2 SNKPH
|9 70194
|
| 700 |
1 |
|
|a Filo, Peter,
|d 1958-
|4 aut
|9 1637898
|
| 919 |
|
|
|a 80-969367-3-5
|
| 958 |
|
|
|a OND
|
| 968 |
|
|
|d 33
|
| 999 |
|
|
|c 653190
|d 655120
|
| 952 |
|
|
|a SNK
|b SNK
|y PREZ
|7 0
|p 17A0529435
|o snkSC 125702/1
|i snk2006/23976
|8 0
|0 0
|1 0
|4 0
|d 2006-11-15
|f 1
|l 0
|r 2025-06-11 00:00:00
|w 2026-02-23
|
| 952 |
|
|
|a SNK
|b SNK
|y VYP
|7 0
|p 17A0529443
|o snkSC 125702/1 D1
|i snk2006/23978
|8 0
|0 0
|1 0
|4 0
|d 2006-11-15
|l 0
|r 2026-02-23 18:27:59
|w 2026-02-23
|